00661nam a22001577a 450000500170000000800410001704100130005808200150007110000130008624501640009930000260026365000260028994200240031599900130033995201510035220231102085823.0231102b |||||||| |||| 00| 0 eng d aEnglish  a346.6 NAM  lEnglish  aThe Namibian Close Corporation : CLE Seminar 1994 / cThe Law Society of Namibia together with the Centre of Business Law : University of the Orange Free State b133 pages ; c30 cm.  aLegal practice bLaw  cBK6ALISON_BN_VRIES c248d248 00102ddc406346_600000000000000_NAM708TXBK9349aLSNbLSNcCORPORAd2023-11-02l0o346.6 NAM pLSN/2009/4r2023-11-02 00:00:00w2023-11-02yBK